[Event "NED-ch U11"]
[Site "Waalwijk"]
[Date "2012.04.07"]
[Round "8"]
[White "Maes, Djad"]
[Black "Meulendijks, Bram"]
[Result "1-0"]
[WhiteElo "805"]
[BlackElo "701"]
[PlyCount "57"]
[EventDate "2012.04.06"]
[EventType "swiss"]
[EventRounds "9"]
[EventCountry "NED"]
[SourceTitle "EXT 2013"]
[Source "ChessBase"]
[SourceDate "2012.11.22"]
[SourceVersion "1"]
[SourceVersionDate "2012.11.22"]
[SourceQuality "1"]

1. e4 e5 2. Nf3 Nc6 3. Bc4 Nf6 4. Ng5 d5 5. exd5 Nxd5 6. Nxf7 Kxf7 7. Qf3+ Ke8 8. Bxd5 Ne7 9. Bf7+ Kd7 10. Qd3+ Nd5 11. Qxd5+ Ke7 12. Qxd8+ Kxd8 13. Nc3 Bg4 14. 0-0 Bc5 15. d3 Rf8 16. Be3 Rxf7 17. Bxc5 b6 18. Be3 Kd7 19. h3 Bh5 20. Rfe1 Raf8 21. Bg5 Rxf2 22. Rxe5 Kd6 23. Ree1 R8f5 24. Ne4+ Kd5 25. Nxf2 Rxf2 26. Kxf2 h6 27. g4 hxg5 28. gxh5 b5 29. Re7 1-0

[Event "NED-ch U11"]
[Site "Waalwijk"]
[Date "2012.04.06"]
[Round "3"]
[White "Van Dael, Siem"]
[Black "Maes, Djad"]
[Result "1-0"]
[WhiteElo "1024"]
[BlackElo "805"]
[PlyCount "39"]
[EventDate "2012.04.06"]
[EventType "swiss"]
[EventRounds "9"]
[EventCountry "NED"]
[SourceTitle "EXT 2013"]
[Source "ChessBase"]
[SourceDate "2012.11.22"]
[SourceVersion "1"]
[SourceVersionDate "2012.11.22"]
[SourceQuality "1"]

1. e4 e6 2. Nf3 d5 3. exd5 exd5 4. Bb5+ Bd7 5. Nc3 c5 6. Qe2+ Be7 7. 0-0 Nc6 8. Nxd5 Nf6 9. Nxf6+ gxf6 10. Re1 Qc7 11. Bxc6 Bxc6 12. d4 Rg8 13. dxc5 Bxf3 14. Qxf3 Qxc5 15. Qxb7 Rd8 16. Be3 Qxc2 17. Rac1 Qg6 18. Bxa7 Rd7 19. Rc8+ Rd8 20. Qxe7# 1-0